Property valuation

Bibliographic Details
Main Author: Scarrett, Douglas
Format: Book
Published: London : E & FN Spon , 1991
Subjects:

MARC

LEADER 00000cam a2200000 7i4500
001 0000001441
005 20090205.0
020 |a 0419137807 
040 |a INS 
090 0 0 |a HD1387.   |b S28 1991 
100 1 |a Scarrett, Douglas 
245 1 0 |a Property valuation   |c Douglas Scarrett 
260 |a London :   |b E & FN Spon ,   |c 1991 
300 |a v, 232p. ;   |c 23.5 cm. 
650 0 |a Real property   |x Valuation 
999 |a 0000004868   |b BOOK   |c Open Shelf   |e Default branch